• 首页
  • 本馆介绍
  • 公告通知
  • 最新文献
  • 馆藏检索
  • 电子资源
  • 读者导购
  • 参考咨询
  • 我的图书馆
  • 登录
  • 详细信息显示
  • 放入我的书架
  • 预约/预借图书
  • 作者相关作品
  • 分类相关作品
  • 丛书相关作品
  • 出版社相关作品

书目信息

  • 表格格式
  • 工作单格式
  • 卡片格式
题名:
原来如此!奇特的病毒
    
 
作者: 徐明达 著
分册:  
出版信息: 北京   中信出版集团股份有限公司  2021.2
页数: 267页
开本: 19cm
丛书名:
单 册:
中图分类: Q939.4
科图分类:
主题词: 病毒--普及读物
电子资源:
ISBN: 978-7-5217-2409-7
000 00817nam0 2200253 45
001 012001002936
005 20141010140602.0
010    @a978-7-5217-2409-7@dCNY56.00
100    @a20210325d2021 em y0chiy50 ea
101 0  @achi
102    @aCN@b110000
105    @aa z 000yy
106    @ar
200 1  @a原来如此!奇特的病毒@Ayuan lai ru ci ! qi te de bing du@b专著@f徐明达著
210    @a北京@c中信出版集团股份有限公司@d2021.2
215    @a267页@c彩图@d19cm
300    @a新思
305    @a由天下杂志股份有限公司授权出版
330    @a本书作者尽可能用通俗易懂的语言,结合病毒发现、感染和传播过程中的有趣故事,普及病毒性疾病以及防控方面的知识。
606 0  @a病毒@j普及读物
690    @aQ939.4@v5
701  0 @a徐明达@Axu ming da@4著
801  2 @aCN@bBJSDL@c20211018
905    @b1350892-5@dQ939.4@e124@f4
    
    原来如此!奇特的病毒/徐明达著.-北京:中信出版集团股份有限公司,2021.2
    267页:彩图;19cm
    新思
    
    ISBN 978-7-5217-2409-7:CNY56.00
    本书作者尽可能用通俗易懂的语言,结合病毒发现、感染和传播过程中的有趣故事,普及病毒性疾病以及防控方面的知识。
●
相关链接 在E读中查询图书 在五车中查询图书 在当当中查询图书 在豆瓣中查询图书


正题名:原来如此!奇特的病毒     索取号:Q939.4/124         预约/预借

序号 登录号 条形码 馆藏地/架位号 状态 备注
1 1350892   213508925   第二样本阅览室/ [索取号:Q939.4/124] 在馆    
2 1350893   213508934   第三借阅区/ [索取号:Q939.4/124] 在馆    
3 1350894   213508943   第三借阅区/ [索取号:Q939.4/124] 在馆    
4 1350895   213508952   第三借阅区/ [索取号:Q939.4/124] 在馆    
唐山师范学院图书馆 欢迎您!
大连网信软件有限公司© 版权所有